• 首页
  • 本馆介绍
  • 公告通知
  • 最新文献
  • 馆藏检索
  • 电子资源
  • 读者导购
  • 参考咨询
  • 我的图书馆
  • 登录
  • 详细信息显示
  • 放入我的书架
  • 预约/预借图书
  • 作者相关作品
  • 分类相关作品
  • 丛书相关作品
  • 出版社相关作品

书目信息

  • 表格格式
  • 工作单格式
  • 卡片格式
题名:
里根传
    
 
作者: 高新涛 编著
分册:  
出版信息: 长春   吉林出版集团有限责任公司  2011
页数: 281页
开本: 24cm
丛书名:
单 册:
中图分类: K837.127=6 , K837.127
科图分类:
主题词:
电子资源:
ISBN: 978-7-5463-5795-9
000 00839nam0 2200253 450
001 1651439110
005 20130127023319.0
010    @a978-7-5463-5795-9@dCNY39.80
100    @a20130127d2011 em y0chiy50 ea
101 0  @achi
102    @aCN@b220000
105    @aa z 000yb
106    @ar
200 1  @a里根传@9li gen zhuan@dBiography of Reagan@f高新涛编著@zeng
210    @a长春@c吉林出版集团有限责任公司@d2011
215    @a281页@c图@d24cm
330    @a本书让你了解一个真实而富传奇色彩的罗纳德·里根,更会给你展示美国社会、政治、文化背景下纷纭变幻的成功人生历程。
510 1  @aBiography of Reagan@zeng
600  0 @a里根@c(Reagan, Ronald@f1911-2004)@x传记
600  0 @a里根@c(Reagan, Ronald@f1911-2004)
690    @aK837.127=6@v5
690    @aK837.127@v4
701  0 @a高新涛@9gao xin tao@4编著
905    @aMUSE@dK837.127@e49
    
    里根传=Biography of Reagan/高新涛编著.-长春:吉林出版集团有限责任公司,2011
    281页:图;24cm
    
    
    ISBN 978-7-5463-5795-9:CNY39.80
    本书让你了解一个真实而富传奇色彩的罗纳德·里根,更会给你展示美国社会、政治、文化背景下纷纭变幻的成功人生历程。
●
相关链接 在五车中查询图书 在当当中查询图书 在豆瓣中查询图书


正题名:里根传     索取号:K837.127/49         预约/预借

序号 登录号 条形码 馆藏地/架位号 状态 备注
1 807526   2000807526   第二书库/ [索取号:K837.127/49] 在馆    
2 807527   2000807527   第二书库/ [索取号:K837.127/49] 在馆    
3 807528   2000807528   第二书库/ [索取号:K837.127/49] 在馆    
山东省滨州职业学院图书馆 欢迎您!
大连网信软件有限公司© 版权所有